[Event "EU Amateur-ch"]
[Site "Ruzomberok"]
[Date "2016.06.10"]
[Round "6"]
[White "Mrva, Jozef"]
[Black "Hoferek, Svatopluk"]
[Result "0-1"]
[WhiteElo "1718"]
[BlackElo "1754"]
[PlyCount "98"]
[EventDate "2016.06.06"]
[EventType "swiss"]
[EventRounds "9"]
[EventCountry "SVK"]
[SourceTitle "CBM 172 Extra"]
[Source "ChessBase"]
[SourceDate "2016.06.21"]
[SourceVersion "1"]
[SourceVersionDate "2016.06.21"]
[SourceQuality "1"]

1. e4 e5 2. Nf3 Nc6 3. d4 exd4 4. Nxd4 Bc5 5. Be3 Qf6 6. c3 Nge7 7. Bc4 0-0 8. 0-0 Nxd4 9. cxd4 Bb6 10. Nc3 d6 11. a4 a6 12. Qd2 h6 13. Rfe1 Ba5 14. e5 Qg6 15. f4 Bxc3 16. Qxc3 Bf5 17. Bf2 c6 18. Bh4 Rfe8 19. exd6 Qxd6 20. Re5 Bd7 21. Bg3 Nf5 22. Rd1 b5 23. axb5 cxb5 24. Bb3 Rac8 25. Qd2 Nxg3 26. hxg3 Be6 27. d5 Bg4 28. Rc1 Rxc1+ 29. Qxc1 Rxe5 30. fxe5 Qxe5 31. Qf4 Qxf4 32. gxf4 Kf8 33. Kf2 Ke7 34. Ke3 Kd6 35. Kd4 f6 36. Bc2 h5 37. b4 h4 38. Be4 g5 39. fxg5 fxg5 40. Ke3 Bd1 41. Kd4 Be2 42. Ke3 Bf1 43. Kd4 g4 44. Ke3 Ke5 45. d6 Kxd6 46. Kf4 h3 47. Bb7 hxg2 48. Bxg2 Bxg2 49. Kxg4 Kd5 0-1

[Event "EU Amateur-ch"]
[Site "Ruzomberok"]
[Date "2016.06.09"]
[Round "5"]
[White "Hafinak, Vladimir"]
[Black "Mrva, Jozef"]
[Result "0-1"]
[WhiteElo "1820"]
[BlackElo "1718"]
[PlyCount "94"]
[EventDate "2016.06.06"]
[EventType "swiss"]
[EventRounds "9"]
[EventCountry "SVK"]
[SourceTitle "CBM 172 Extra"]
[Source "ChessBase"]
[SourceDate "2016.06.21"]
[SourceVersion "1"]
[SourceVersionDate "2016.06.21"]
[SourceQuality "1"]

1. e4 c5 2. Nf3 d6 3. d4 cxd4 4. Nxd4 Nf6 5. Nc3 Nc6 6. Be2 g6 7. Be3 Bg7 8. 0-0 0-0 9. h4 h5 10. Nf3 Bd7 11. Nh2 Ne5 12. f3 Rc8 13. Nd5 Nxd5 14. exd5 Nc4 15. Bxc4 Rxc4 16. c3 Qa5 17. g4 a6 18. Rf2 Bf6 19. b3 Rcc8 20. gxh5 Qxc3 21. Bh6 Qxa1 22. Qxa1 Bxa1 23. Bxf8 Kxf8 24. Kg2 gxh5 25. Nf1 Bf6 26. Kg3 Rc3 27. Kf4 Kg7 28. Ne3 Bxh4 29. Rh2 Bg3+ 30. Kxg3 Rxe3 31. Rxh5 Re5 32. Rh2 Rxd5 33. Kf4 Rf5+ 34. Ke3 Bc6 35. f4 e5 36. fxe5 dxe5 37. Rb2 Kg6 38. Rh2 e4 39. Kd4 f6 40. a4 Rf3 41. b4 Rd3+ 42. Kc5 Bxa4 43. Ra2 Bb5 44. Rg2+ Kf5 45. Rg7 e3 46. Re7 Rb3 47. Kd4 e2 0-1

[Event "EU Amateur-ch"]
[Site "Ruzomberok"]
[Date "2016.06.08"]
[Round "4"]
[White "Ziaran, Viliam"]
[Black "Mrva, Jozef"]
[Result "1-0"]
[WhiteElo "1871"]
[BlackElo "1718"]
[PlyCount "105"]
[EventDate "2016.06.06"]
[EventType "swiss"]
[EventRounds "9"]
[EventCountry "SVK"]
[SourceTitle "CBM 172 Extra"]
[Source "ChessBase"]
[SourceDate "2016.06.21"]
[SourceVersion "1"]
[SourceVersionDate "2016.06.21"]
[SourceQuality "1"]

1. e4 c5 2. Nc3 d6 3. g3 Nc6 4. Bg2 Nf6 5. d3 g6 6. Nge2 Bg7 7. Bg5 0-0 8. Qd2 Bd7 9. Bh6 Rc8 10. h4 Ng4 11. Bxg7 Kxg7 12. h5 a6 13. f3 Nf6 14. hxg6 fxg6 15. Qh6+ Kh8 16. Nf4 Ne5 17. Ncd5 Rf7 18. Nxg6+ Nxg6 19. Nxf6 exf6 20. Qxg6 Rg7 21. Qh6 Qe7 22. Qf4 Qe5 23. Qxe5 dxe5 24. Kf2 Rcg8 25. Bh3 Bxh3 26. Rxh3 Rg6 27. Rah1 R8g7 28. g4 a5 29. a4 Rd7 30. Ke3 Kg8 31. c3 b6 32. R3h2 Rgg7 33. Rd2 Kf7 34. d4 cxd4+ 35. cxd4 exd4+ 36. Rxd4 Ke6 37. Rhd1 Rxd4 38. Rxd4 Rc7 39. f4 Rc1 40. f5+ Ke7 41. Rd2 Rg1 42. Rh2 Rxg4 43. Rxh7+ Kf8 44. Kf3 Rg1 45. Rb7 Rf1+ 46. Ke2 Rc1 47. Rxb6 Rc4 48. Rxf6+ Ke7 49. Re6+ Kf7 50. b3 Rb4 51. Re5 Kf6 52. Rxa5 Rxe4+ 53. Kd3 1-0

[Event "EU Amateur-ch"]
[Site "Ruzomberok"]
[Date "2016.06.06"]
[Round "1"]
[White "Mrva, Jozef"]
[Black "Valentik, Roman"]
[Result "0-1"]
[WhiteElo "1718"]
[BlackElo "1880"]
[PlyCount "128"]
[EventDate "2016.06.06"]
[EventType "swiss"]
[EventRounds "9"]
[EventCountry "SVK"]
[SourceTitle "CBM 172 Extra"]
[Source "ChessBase"]
[SourceDate "2016.06.21"]
[SourceVersion "1"]
[SourceVersionDate "2016.06.21"]
[SourceQuality "1"]

1. e4 d5 2. exd5 Nf6 3. Nc3 Bg4 4. Be2 Bf5 5. Nf3 Nxd5 6. d4 Nb4 7. Bd3 Nxd3+ 8. cxd3 e6 9. Be3 c6 10. 0-0 Bg4 11. h3 Bh5 12. Ne4 Be7 13. a3 Nd7 14. Rc1 Nf6 15. Nc5 Qc7 16. g4 Bg6 17. Ne5 Bxc5 18. Rxc5 Nd5 19. Qf3 f6 20. Nxg6 hxg6 21. Kg2 f5 22. Re1 0-0-0 23. Bg5 Rde8 24. Rc2 Qd6 25. Rce2 Kd7 26. Bd2 a6 27. Re5 Kd8 28. Qe2 Kd7 29. Qf3 b6 30. Qe2 a5 31. Qf3 Rhf8 32. Qg3 Rg8 33. Qf3 Nf6 34. Qg3 fxg4 35. hxg4 Qxd4 36. Bc3 Qxg4 37. Qxg4 Nxg4 38. Rg5 Nf6 39. Rxg6 Nd5 40. Be5 a4 41. Re4 b5 42. Kf1 Re7 43. Reg4 Ke8 44. Rxg7 Rexg7 45. Rxg7 Rxg7 46. Bxg7 Nf4 47. d4 Kd7 48. Bf6 Nd3 49. Ke2 Nxb2 50. d5 Nc4 51. dxc6+ Kxc6 52. Be7 Kd5 53. Bf8 Ne5 54. Bg7 b4 55. Kd1 b3 56. Bf8 Nc4 57. Kc1 Ke4 58. Bc5 Kf3 59. Kd1 e5 60. Kc1 e4 61. Kd1 Nb2+ 62. Kd2 Nd3 63. Kc3 Nxf2 64. Kb4 Nd3+ 0-1